01626nam a2200361 a 4500001001000000003000500010005001700015008004100032010001100073011001100084040000900095090001000104100004700114245014700161260004100308500006000349502010400409590004100513590004000554590004000594590004000634650003600674650006400710650006200774650004000836856007000876901000700946942001000953942000600963999001900969952014000988952013601128000111877CHAP20220329144233.0150925s2015 mx a |sm |||||||spa d a108338 a109310 cCHAP aTesis1 aSepúlveda Robles, Daniel Eduardo912985510aModelos para adopción del comercio elctrónico en el sector agroindustrial mexicano /h[En línea]cpor Daniel Eduardo Sepúlveda Robles. aChapingo, Méx. :bEl autor,c2015. aPara ver el contenido del material haga clic en la liga aTesis (Ph. D. en Economía Agrícola) -- UACH. División de Ciencias Económico Administrativas aBATCH-UPDb05c20150928lUCH01h0802 aE5652GLJb05c20150925lUCH01h1451 aE5652GLJb05c20150925lUCH01h1452 aE5652GLJb05c20150928lUCH01h080114aComercio electrónico.912987114aIndustrias agrícolasxInnovaciones tecnológicas.95795214aIndustrias agrícolasxSistemas de información.95796614aNegociosxAdministración.9129872 aFinding aiduhttp://10.13.5.2/tesis/sist111877.pdfzTeclea aquí aBK cTESIS n0 c108338d108338 00102local4053708TESISaBCbBCcPA_TESISd2015-09-28fTESISl0oTesisp33724002507710r2019-12-31 00:00:00tc.2w2019-12-31yTESIS 00104054718TESISaBCbBCd2015-09-28fTESISl0oTesisp33724002507751r2019-12-31 00:00:00w2019-12-31yTESISzRecien adquirido